Statistics for All Landlocked countries

Click here to take the quiz!

General Stats

  • This quiz has been taken 44 times
  • The average score is 33 of 44

Answer Stats

Size (km^2)Country% Correct
1098581Bolivia
89%
2724900Kazakhstan
89%
1564241Mongolia
89%
406752Paraguay
86%
1284000Chad
83%
160Liechtenstein
83%
2586Luxembourg
83%
622436Central African Republic
80%
30355Lesotho
80%
41291Switzerland
80%
141400Tajikistan
80%
491210Turkmenistan
80%
468Andorra
77%
83883Austria
77%
1120000Ethiopia
77%
199945Kyrgyzstan
77%
236800Laos
77%
147181Nepal
77%
1267000Niger
77%
61San Marino
77%
644329South Sudan
77%
448971Uzbekistan
77%
652864Afghanistan
74%
270764Burkina Faso
74%
1241238Mali
74%
26338Rwanda
74%
0.44Vatican City
74%
27834Burundi
71%
77589Serbia
71%
752612Zambia
71%
38394Bhutan
69%
78871Czech Republic
69%
17364Eswatini
69%
49034Slovakia
69%
241555Uganda
69%
390757Zimbabwe
69%
29743Armenia
66%
581730Botswana
66%
93025Hungary
66%
118760Malawi
63%
25436North Macedonia
63%
207628Belarus
60%
33843Moldova
60%
86600Azerbaijan
49%

Score Distribution

Percentile by Number Answered

Percent of People with Each Score

Your Score History

You have not taken this quiz